Commonest Words in The Hunger Games Quiz Stats

 Plays Quiz Updated May 31, 2019

Score 0/200 Timer 15:00
0 Plays Today
Frequency Word % Correct
16850The
92%
6440A
91.9%
10533I
87.6%
288Katniss
82.7%
1422Peeta
80.6%
727An
73.8%
2475He
71.4%
302Games
68.9%
1739We
67.4%
250Prim
66.8%
556Gale
66.4%
959She
66%
2176You
63.5%
1692Be
63.1%
7026And
62.9%
8596To
60.1%
2800Me
59.8%
564District
59.1%
4511In
59%
3228It
58.6%
1843Is
58.3%
2398On
57.1%
1161No
56.8%
1263They
55.9%
1105Are
55.2%
648Haymitch
53.9%
1353Her
53.9%
840Do
53.3%
519Go
50%
1145Can
49.2%
1034When
48.5%
2204For
48.3%
6113Of
48.3%
252Snow
47.1%
392Where
46%
1175What
45.8%
249Why
45.2%
1172So
44.6%
4495My
43.4%
588There
43.2%
1315Not
43.1%
613Who
42.3%
618How
41.9%
447Your
40.2%
1179One
39.5%
1101Was
39.4%
791Will
39.2%
476Their
39.1%
2648But
38.9%
508Capitol
38.6%
397Were
38.5%
300We're
38.5%
1760His
38.5%
2626That
38.4%
1152If
38.2%
321Two
37.9%
1213Him
37.3%
1644Have
37.2%
1569At
37.1%
894Us
36.9%
224Am
36.7%
1738As
36.6%
839Them
36.5%
815Then
36%
205Cinna
35.7%
513Could
34.9%
475Too
34.7%
Frequency Word % Correct
1284Up
34.7%
1101This
33.5%
489Can't
33.1%
503Would
33%
631See
33%
683Or
31.8%
295Mother
31.7%
1436From
30.8%
927All
30.5%
718Our
30.4%
1337Out
29.8%
823Don't
29%
2119With
28.8%
894Say
28.4%
629Down
28.3%
682Like
28.2%
261Water
28%
497Had
27.7%
339Did
26.7%
828Has
26.4%
239They're
26.1%
221You're
25%
760By
24.8%
1310It's
24.6%
234Day
24.1%
1160I'm
23.9%
507Over
23.7%
619Because
23.6%
625Get
23.4%
513Some
22.9%
552Time
22.7%
403Finnick
22.5%
322Than
22.3%
365Want
22.2%
869Just
21.9%
677Been
21.8%
881Know
21.7%
398Here
21.7%
243Arena
21.4%
651Now
21.3%
212Night
20.8%
349Look
20.3%
576Off
19.9%
243Hear
19.3%
345Never
19.2%
273Come
19.2%
701Think
19.1%
210Got
18.6%
202Though
18.6%
448Make
18.6%
217Give
18.5%
449Take
18.4%
348Good
18.4%
366After
18.4%
488More
18.4%
353Going
18.3%
955Into
17.7%
518Right
17.7%
211Those
17.5%
296Any
17.3%
240Let
17.1%
438Before
17%
261I'll
16.9%
235Try
15.8%
370Well
15.7%
912About
15.6%
267Thing
15.5%
Frequency Word % Correct
234Home
15.4%
406People
15%
236Left
14.7%
924Back
14.3%
411Through
14.2%
1398Says
14.1%
303Feel
13.8%
373Way
13.7%
212Help
13.4%
538He's
13.3%
307Hand
13.3%
645Only
13%
257She's
12.9%
326Must
12.9%
668Even
12.8%
232Didn't
12.8%
371First
12.7%
461Around
12.7%
225Very
12.7%
257Which
12.5%
307Other
12.3%
294Find
12.2%
284Tell
11.8%
224Might
11.6%
344Eyes
11.5%
389I've
11.5%
251Being
11.2%
205Made
11.2%
287Much
11.2%
262Ask
10.4%
318Away
10.4%
222Nothing
10.3%
303Last
10.3%
262Little
10.3%
411Something
10.2%
349Face
10.2%
370Head
10%
262Again
9.9%
229Keep
9.7%
303Maybe
9.3%
210Doesn't
9.3%
307Really
9.1%
378Myself
8.8%
205Place
8.6%
242Long
8.6%
279Until
8%
202Things
7.8%
457Still
7.7%
384That's
7.7%
273While
7.6%
208Better
7.6%
268Hands
7.1%
243Another
7.1%
525There's
7.1%
202Both
6.4%
274Since
6.3%
291Few
6.3%
203Remember
5.5%
253Peeta's
5%
227Enough
4.9%
228Trying
4.8%
208Room
4.7%
244Asks
4.4%
223Seems
4.1%
223Voice
3.7%
227Moment
3.4%

You're not logged in!

Compare scores with friends on all Sporcle quizzes.
OR
Log In

Sporcle TV

Today on Sporcle TV


Watch our educational content, quiz creation guides, and fun videos on Sporcle TV.

Show Comments

Extras

Top Quizzes Today


Score Distribution

Your Account Isn't Verified!

In order to create a playlist on Sporcle, you need to verify the email address you used during registration. Go to your Sporcle Settings to finish the process.

Report this User

Report this user for behavior that violates our Community Guidelines.

Details: